000
003040000a22001330004500
001
006033
003
MACL
040
_a
MACL
090
_c
13205
_d
13204
245
_a
Hidayat Nama V.Off.Inc
_b
Cooper Sir George
260
_a
Central P Oudh Lucknow,
_c
1872
650
_a
Urdu Literature
942
_k
891
_c
Book
999
_c
13132
_d
13132